000
00291 a2200121 4500
001
2970
082
_a
343.41097 / 0246291UND
090
_c
2261
_d
2261
100
_a
Underdown, R.B
245
_a
Aviation law for pilots, 9/e
250
_a
9
260
_a
RoberHale
_b
Black
_c
1989
942
_a
NUST-CAE
_k
343.41097 / 0246291UND
999
_c
238043
_d
238043